书目信息 |
| 题名: |
国际化办学中学生创新素养的培育研究
|
|
| 作者: | 董彬 主编 | |
| 分册: | ||
| 出版信息: | 苏州 苏州大学出版社 2020.5 |
|
| 页数: | 360页 | |
| 开本: | 26cm | |
| 丛书名: | ||
| 单 册: | ||
| 中图分类: | G631.6 | |
| 科图分类: | ||
| 主题词: | 中学生--素质教育--教育研究 | |
| 电子资源: | ||
| ISBN: | 978-7-5672-3119-1 | |
| 000 | 01633nam0 2200301 45 | |
| 001 | 012001002475 | |
| 005 | 20140823114526.0 | |
| 010 | @a978-7-5672-3119-1@dCNY85.00 | |
| 099 | @aCAL 012020234212 | |
| 100 | @a20200717d2020 em y0chiy0110 ea | |
| 101 | 0 | @achi |
| 102 | @aCN@b320000 | |
| 105 | @aa a 000yy | |
| 106 | @ar | |
| 200 | 1 | @a国际化办学中学生创新素养的培育研究@Aguo ji hua ban xue zhong xue sheng chuang xin su yang de pei yu yan jiu@d= The research on the cultivation of students' creative competence in the context of internationalized education@f主编董彬@zeng |
| 210 | @a苏州@c苏州大学出版社@d2020.5 | |
| 215 | @a360页@c图@d26cm | |
| 300 | @a江苏省教育科学“十三五”规划课题研究成果 | |
| 300 | @a并列题名:Research on the cultivation of students' creative competence in the context of internationalized education | |
| 314 | @a董彬, 辽宁师范大学教育硕士。现任苏州外国语学校总校长、党委书记, 苏州外国语学校侨界联合会主席, 全国外语特色学校教育研究会副理事长等。 | |
| 320 | @a有书目 | |
| 330 | @a本书收录的论文主要分为四大版块: 华夏为根, 民族文化创新 (收录民族文化、校园文化、中西文化比较与融合相关方面的文章) ; 德育为先, 学生活动创新 (收录班级管理、实践活动相关方面的文章) ; 教学为本, 学科教学创新 (收录课堂或学科教学方面的文章) ; 理论为重, 教育管理创新 (收录教育理论、学校管理、教师发展方面的文章) 。 | |
| 510 | 1 | @aResearch on the cultivation of students' creative competence in the context of internationalized education@zeng |
| 606 | 0 | @a中学生@x素质教育@x教育研究 |
| 690 | @aG631.6@v5 | |
| 701 | 0 | @a董彬@Adong bin@4主编 |
| 801 | @aCN@bAHXH@c20210922 | |
| 905 | @b1254379-83@dG631.6@e1172@f5 | |
| 国际化办学中学生创新素养的培育研究= The research on the cultivation of students' creative competence in the context of internationalized education/主编董彬.-苏州:苏州大学出版社,2020.5 |
| 360页:图;26cm |
| 江苏省教育科学“十三五”规划课题研究成果.-并列题名:Research on the cultivation of students' creative competence in the context of internationalized education |
| ISBN 978-7-5672-3119-1:CNY85.00 |
| 本书收录的论文主要分为四大版块: 华夏为根, 民族文化创新 (收录民族文化、校园文化、中西文化比较与融合相关方面的文章) ; 德育为先, 学生活动创新 (收录班级管理、实践活动相关方面的文章) ; 教学为本, 学科教学创新 (收录课堂或学科教学方面的文章) ; 理论为重, 教育管理创新 (收录教育理论、学校管理、教师发展方面的文章) 。 |
| ● |
| 相关链接 |
|
|
|
|
正题名:国际化办学中学生创新素养的培育研究
索取号:G631.6/1172
 
预约/预借
| 序号 | 登录号 | 条形码 | 馆藏地/架位号 | 状态 | 备注 |
| 1 | 1254379 | 212543791 | 第一样本阅览室/ [索取号:G631.6/1172] | 在馆 | |
| 2 | 1254380 | 212543808 | 教育系资料室/ [索取号:G631.6/1172] | 在馆 | |
| 3 | 1254381 | 212543817 | 教育系资料室/ [索取号:G631.6/1172] | 在馆 | |
| 4 | 1254382 | 212543826 | 第四借阅区/ [索取号:G631.6/1172] | 在馆 | |
| 5 | 1254383 | 212543835 | 第四借阅区/ [索取号:G631.6/1172] | 在馆 |